Estatuto de la autonomía de Cataluña : aprobado por la Asamblea de la Mancomunidad del 25 de enero de 1919 y por la de Ayuntamientos del día 26 aprobado por la Asamblea de la Mancomunidad del 25 de enero de 1919 y por la de Ayuntamientos del día 26
Descripción Física:
38 p. ; 21 cm
Materias:
Catalunya. Estatut (1919)
MARC
| LEADER | 00000nam a2200000Ia 4500 | ||
|---|---|---|---|
| 001 | 1079 | ||
| 008 | 160829s1919 xx 000 0 cat d | ||
| 080 | |a RF-4-35 | ||
| 100 | |a Catalunya. Estatut (1919) |9 23862 | ||
| 245 | |a Estatuto de la autonomía de Cataluña : |b aprobado por la Asamblea de la Mancomunidad del 25 de enero de 1919 y por la de Ayuntamientos del día 26 | ||
| 260 | |a Barcelona : |b (Imp. de la Casa de Caridad), |c 1919 | ||
| 300 | |a 38 p. ; |c 21 cm | ||
| 590 | |a Hi ha un duplicat a: DUP-21-80 | ||
| 650 | |a Catalunya. Estatut (1919) |9 23862 | ||
| 856 | 4 | |u https://media.diba.cat/diba/fitxers/arxiu/fulletons/bib_1079_1919_baixa.pdf |y Accés lliure | |
| 856 | 4 | |u https://media.diba.cat/diba/fitxers/arxiu/fulletons/bib_1079_1919_baixa.pdf |y Accés lliure | |
| 901 | |a Arxiu | ||
| 942 | |n 1 |2 udc | ||
| 952 | |0 0 |1 0 |4 0 |6 RF435 |7 1 |9 42891 |a Arxiu |b Arxiu |d 2016-12-01 |l 0 |o RF-4-35 |p 1079 |r 2016-12-01 00:00:00 |w 2016-12-01 |y ARXIU | ||
| 999 | |c 45397 |d 45397 | ||
| 900 | |a bib_1079_1919_baixa.pdf | ||